Movies Quiz

Random Movies Quiz

Profile: The Dude Quiz Stats

 Plays Quiz not verified by Sporcle

Also try: Movies by Plot
Challenge
Share
Tweet
Embed
Score 0/21 Timer 07:00
0 Plays Today
The stuff, man. New sh*t has come to light, ok? % Correct
Played byJeff Bridges
97.9%
Favorite DrinkWhite Russian
91.7%
Favorite Furniture PieceA Rug
91.7%
Real NameJeffery Lebowski
91%
Hobbies (Name one)Bowling, Driving Around, Smoking Marijuana, The Occasional Acid Flashback
89%
Sporting RivalJeusus Quintana
85.5%
Is friends with this Vietnam War veteranWalter Sobchak
82.8%
Is also friends withTheodore Donald 'Donny' Kerabatsos
82.8%
...Which was directed byJoel Coen
80%
...What happened to itIt got peed on
79.3%
...WhyIt ties the room together
78.6%
The stuff, man. New sh*t has come to light, ok? % Correct
Was in the movieThe Big Lebowski
77.9%
Least Favorite BandThe Eagles
73.8%
Where he livesLos Angeles, California
71%
Other names he goes by (Name one)His Dudeness, Duder, El Duderrino (if you're not into the whole brevity thing)
67.6%
Possible Love InterestMaude Lebowski
66.9%
Favorite BandCreedence Clearwater Revival
64.1%
CareerUnemployed
56.6%
What he believes makes a manA pair of testicles
46.2%
What he does that we take comfort inAbides
44.8%
The part he plays in the Bunny Lebowski kidnappingCourier
31.7%

You're not logged in!

Compare scores with friends on all Sporcle quizzes.
Join for Free
OR
Log In

You Might Also Like...

Show Comments

Extras

Top Quizzes Today


Score Distribution

Your Account Isn't Verified!

In order to create a playlist on Sporcle, you need to verify the email address you used during registration. Go to your Sporcle Settings to finish the process.

Report this User

Report this user for behavior that violates our Community Guidelines.

Details: